Obálka Náhled e-knihy:
Epub
Pro půjčování e-knih musíte být přihlášeni.
Jak si půjčit online?

Devatero pohádek /

10 krásných pohádek.Pohádky v této knize - Velká kočičí pohádka, Pohádka psí, Pohádka ptačí, První loupežnická pohádka, Pohádka vodnická, Druhá loupežnická pohádka, Pohádka tulácká, Velká policejní pohádka, Pohádka pošťácká a Velká pohádka doktorská - patří mezi stálice základního fondu literatury p...

Celý popis

Uloženo v:
Hlavní autor: Čapek, Karel (Autor)
Médium: E-kniha
Jazyk:Czech
Vydáno: Praha : Artis, 2023
Tagy:
Žádné tagy
LEADER 01662nam a22002297i 4500
001 311800
007 ta
008 260601s2023 xr ||||| |||| 00| 0 cze d
020 |a 9990003661661 
044 |a xr 
100 1 |a  Čapek, Karel  |4 aut 
245 1 0 |a Devatero pohádek /  |c  Čapek, Karel 
264 1 |a Praha :  |b Artis,  |c 2023 
300 |a 1 online zdroj (118 stran) 
336 |a text  |b txt  |2 rdacontent 
337 |a bez média  |b n  |2 rdamedia 
338 |a online zdroj  |b cr  |2 rdacarrier 
520 2 |a 10 krásných pohádek.Pohádky v této knize - Velká kočičí pohádka, Pohádka psí, Pohádka ptačí, První loupežnická pohádka, Pohádka vodnická, Druhá loupežnická pohádka, Pohádka tulácká, Velká policejní pohádka, Pohádka pošťácká a Velká pohádka doktorská - patří mezi stálice základního fondu literatury pro děti. Kniha Karla Čapka Devatero pohádek a ještě jedna od Josefa Čapka jako přívažek vyšla roku 1932. S milým, vstřícným humorem autor pomocí pohádkových příběhů objasňuje spoustu jevů běžného života a popisuje, co se děje ve chvílích a na místech, kam málokdy je člověk puštěn. Vysvětluje spoustu faktů z psí a kočičí říše nebo z profese pošťácké, loupežnické či vodnické. 
910 |a RBIT002 
998 |d 366166  |a https://core.palmknihy.cz/api/books/366166/cover?rnwka2  |b https://core.palmknihy.cz/api/books/366166/cover/400?rnwka2  |c https://core.palmknihy.cz/api/books/366166/cover/50?rnwka2  |e 2099-12-01  |g 118  |i 9990003661661  |j https://core.palmknihy.cz/api/books/366166/preview.epub  |l   |q 49  |r 1  |s https://www.palmknihy.cz/kniha/366166  |t ebook  |y 2023  |z 1 
999 |d 311798